书目信息 |
| 题名: |
经济地理学导论
|
|
| 作者: | ;华东师范大学 编 | |
| 分册: | ||
| 出版信息: | 上海 华东师范大学出版社 1982 |
|
| 页数: | 191页 | |
| 开本: | 26cm | |
| 丛书名: | ||
| 单 册: | ||
| 中图分类: | F119.9 | |
| 科图分类: | ||
| 主题词: | 经济地理学--概论 | |
| 电子资源: | ||
| ISBN: | ||
| 000 | 00679nam0 2200229 45 | |
| 001 | 0182008704 | |
| 005 | 20060412092938.43 | |
| 010 | @dCNY1.30 | |
| 091 | @a12135.001 | |
| 100 | @a19950427d1982 em y0chiy0121 ea | |
| 101 | 0 | @achi |
| 102 | @aCN@b310000 | |
| 105 | @ay z 000yy | |
| 200 | 10 | @a经济地理学导论@Ajing ji di li xue dao lun@f华东师范大学等编@Fhua dong shi fan da xue deng bian |
| 210 | @a上海@c华东师范大学出版社@d1982 | |
| 215 | @a191页@d26cm | |
| 606 | @a经济地理学@x概论 | |
| 690 | @aF119.9@v3 | |
| 711 | 02 | @a华东师范大学@Ahua dong shi fan da xue@4编 |
| 801 | 2 | @aCN@bNLC@c20060412 |
| 801 | 0 | @aCN@b上海图书馆@c20040425 |
| 905 | @f2@b210000-001@dF119.9@e50 | |
| 经济地理学导论/华东师范大学等编.-上海:华东师范大学出版社,1982 |
| 191页;26cm |
| ISBN :CNY1.30 |
| ● |
| 相关链接 |
|
|
|
|
正题名:经济地理学导论
索取号:F119.9/50
 
预约/预借
| 序号 | 登录号 | 条形码 | 馆藏地/架位号 | 状态 | 备注 |
| 1 | 0161821 | 002057712 | 密集书库/ [索取号:F119.9/50] | 在馆 | |
| 2 | 0210000 | 000196870 | 密集书库/ [索取号:F119.9/50] | 在馆 | |
| 3 | 0210001 | 000196834 | 密集书库/ [索取号:F119.9/50] | 在馆 | |
| 4 | 0210002 | 000196914 | 第一样本阅览室/ [索取号:F119.9/50] | 在馆 | |
| 5 | 0230038 | 202255362 | 密集书库/ [索取号:F119.9/50] | 在馆 | |
| 6 | 0230039 | 202255282 | 密集书库/ [索取号:F119.9/50] | 在馆 | |
| 7 | 0230040 | 202255326 | 密集书库/ [索取号:F119.9/50] | 在馆 |